| 000 | 00456nam a22001817a 4500 | ||
|---|---|---|---|
| 003 | MPLRDC | ||
| 005 | 20220104172856.0 | ||
| 008 | 210129b ||||| |||| 00| 0 eng d | ||
| 020 | _a978-983-3831-04-3 | ||
| 082 | _a521.16 PAU | ||
| 100 | _aKEVIN PAUL | ||
| 245 |
_aSTUDY SMARTED NOT HARDER _c |
||
| 250 | _a3RD PRINTING | ||
| 260 |
_aMALAYSIA _bADVANTAGE QUEST SDN BHD _c2012 |
||
| 300 | _b210 | ||
| 650 | _aLEARNING SKILL | ||
| 942 |
_cBK _o521.16 PAU |
||
| 999 |
_c59158 _d59148 |
||